[Event "BEM-ch U14"]
[Site "Tamm"]
[Date "2000.02.05"]
[Round "4"]
[White "Joest, Dennis"]
[Black "Mueller, Armin"]
[Result "1-0"]
[WhiteElo "409"]
[BlackElo "898"]
[PlyCount "39"]
[EventDate "2000.01.22"]
[EventType "swiss"]
[EventRounds "5"]
[EventCountry "GER"]
[SourceTitle "EXT 2003"]
[Source "ChessBase"]
[SourceDate "2002.11.25"]
[SourceVersion "1"]
[SourceVersionDate "2002.11.25"]
[SourceQuality "1"]

1. e4 e5 2. Nf3 Nc6 3. d4 Nf6 4. Nc3 Bb4 5. Bd2 exd4 6. Nb5 Bc5 7. Bd3 a6 8. Na3 Qe7 9. Qe2 Bxa3 10. bxa3 Qxa3 11. e5 Nd5 12. 0-0 0-0 13. Qe4 g6 14. Qxd5 Qa4 15. Bh6 Re8 16. Ng5 Re7 17. Bc4 Nd8 18. Qxd4 b5 19. Qd5 Qxc4 20. Qxa8 1-0

[Event "BEM-ch U14"]
[Site "Tamm"]
[Date "2000.02.05"]
[Round "5"]
[White "Mayer, Ruben"]
[Black "Joest, Dennis"]
[Result "1-0"]
[WhiteElo "832"]
[BlackElo "409"]
[PlyCount "135"]
[EventDate "2000.01.22"]
[EventType "swiss"]
[EventRounds "5"]
[EventCountry "GER"]
[SourceTitle "EXT 2003"]
[Source "ChessBase"]
[SourceDate "2002.11.25"]
[SourceVersion "1"]
[SourceVersionDate "2002.11.25"]
[SourceQuality "1"]

1. e4 e5 2. Nf3 Nc6 3. Bc4 Nf6 4. d3 Bb4+ 5. Nc3 Bxc3+ 6. bxc3 0-0 7. 0-0 d6 8. a4 Bg4 9. Bb5 a6 10. Bc4 Qd7 11. h3 Bh5 12. Bg5 d5 13. exd5 Nxd5 14. Nxe5 Nxe5 15. Qxh5 Nxc4 16. dxc4 Nxc3 17. Ra3 Ne2+ 18. Qxe2 b5 19. cxb5 axb5 20. a5 b4 21. Rd1 Qc6 22. Raa1 Rfe8 23. Qg4 h6 24. Be3 Qxc2 25. Bxh6 g6 26. Qd4 Qc3 27. Qxc3 bxc3 28. Rdc1 Kh7 29. Be3 Rec8 30. Rxc3 Ra6 31. Bb6 Rxb6 32. axb6 f5 33. b7 Rb8 34. Rb1 Kh6 35. Rxc7 Rxb7 36. Rbxb7 g5 37. Rh7+ Kg6 38. g3 f4 39. g4 Kf6 40. Rh6+ Ke5 41. Re7+ Kd5 42. Rh4 gxh4 43. g5 Kd6 44. Re1 Kd7 45. g6 Kd8 46. g7 Kd7 47. g8B Kd6 48. Re4 Kc5 49. Rxf4 Kd6 50. Rxh4 Ke5 51. f3 Kd6 52. Rg4 Ke5 53. Re4+ Kf5 54. Bh7+ Kg5 55. f4+ Kh6 56. f5 Kxh7 57. h4 Kh6 58. Rf4 Kh5 59. f6 Kg6 60. f7 Kg7 61. f8N Kh6 62. Ne6 Kg6 63. Ng5 Kh5 64. Rf6 Kxh4 65. Ne4 Kg4 66. Kf2 Kh3 67. Rg6 Kh2 68. Rh6# 1-0

[Event "BEM-ch U14"]
[Site "Tamm"]
[Date "2000.01.22"]
[Round "1"]
[White "Joest, Dennis"]
[Black "Doering, Michael"]
[Result "0-1"]
[WhiteElo "409"]
[BlackElo "1089"]
[PlyCount "52"]
[EventDate "2000.01.22"]
[EventType "swiss"]
[EventRounds "5"]
[EventCountry "GER"]
[SourceTitle "EXT 2003"]
[Source "ChessBase"]
[SourceDate "2002.11.25"]
[SourceVersion "1"]
[SourceVersionDate "2002.11.25"]
[SourceQuality "1"]

1. e4 e5 2. Nf3 Nc6 3. d4 exd4 4. Nxd4 Nf6 5. Nc3 Bb4 6. Nxc6 bxc6 7. Bc4 Bxc3+ 8. bxc3 Nxe4 9. 0-0 0-0 10. Qe1 d5 11. Bd3 Bf5 12. Ba3 Re8 13. c4 Ng3 14. Qd1 Nxf1 15. Qxf1 Bxd3 16. Qxd3 Re4 17. cxd5 cxd5 18. f3 Re6 19. c4 d4 20. Bb2 Rb8 21. Bxd4 Rd6 22. c5 Rxd4 23. Qe3 Rb2 24. Qe1 h6 25. h3 Qg5 26. Qc1 Qxg2# 0-1